00806nam a2200229 a 450000100060000000300080000600500170001400800410003103500190007204000340009104100080012508200240013310000380015724500500019526000520024530000230029765000300032083000490035094200120039999900170041195201480042870523BD-RjUL20211209082018.0170418s1964 mau 000 0 eng  a(BD-RjUL)70737 aDLCcCtWdOCoLCdUkdDLCbeng aeng 223a512.5bMUE 19641 aMunkres, James R.,d1930-915210110aElementary linear algebr /cJames R. Munkres. aReading, Mass. :bAddison-Wesley Pub. Co.c1964 av, 42 p. ;c23 cm. 0aAlgebras, Linear.9208751 aAddison-Wesley series in mathematics9208752 2ddccBK c70523d70523 00102ddc40718NFICaRUCLbRUCLcReadingd1965-02-23eSwits and Zeitlinerg9.60l0o512.5 MUE 1964r2017-04-18 00:00:00tC-1w2017-04-18yBK